000 00785caa a22002417a 4500
999 _c422206
_d422206
001 133465
003 UA-OsUOA
005 20200129125619.0
007 ta
008 20181024b un ||||| |||| 00| 0 ukr d
040 _aUA-OsUOA
_bukr
_cUA-OsUOA
_dUA-OsUOA
041 _aukr
080 _a908
090 _a908
_bС35
100 _aСикліцька О.
245 _aВійсько Острозької ординації
_cО. Сикліцька
300 _aС. 80–82
650 7 _a908 Краєзнавство
_2UDC
773 0 _0366889
_9390158
_dРівне Видавець Олег Зень 2008
_o136197
_tНаукові записки
_w(UA-OsUOA) 80577
942 _cBKA
_2udc
955 _a1